000 00282nam a22001217a 4500
020 _aIS 8122
041 _aENG
245 _aTest Code For Combine Harvester- Thresher Part 1
260 _aNew Delhi
_bBIS
_c1994
300 _a14
650 _aBIS Tist Code
856 _uBIS Tist Code
999 _c2147
_d2147